Countries "in" the UK, Netherlands, France, Denmark, and NZ - Statistics

General Stats
  • This quiz has been taken 134 times
  • The average score is 12 of 19
Answer Stats
Answer % Correct
Wales
93%
Scotland
92%
England
91%
Northern Ireland
91%
Greenland
83%
Faroe Islands
71%
Netherlands
71%
Denmark
70%
Aruba
69%
Curaçao
66%
New Zealand
64%
Niue
54%
Cook Islands
49%
Sint Maarten
45%
French Polynesia
37%
New Caledonia
36%
Tokelau
36%
Wallis and Futuna
20%
Ross Dependency
14%
No matching quizzes found
Score Distribution
Percent of People with Each Score
Percentile by Number Answered
Your Score History
You have not taken this quiz